[Event "British ch-KO 2016"]
[Site "London ENG"]
[Date "2016.12.12"]
[Round "3.2"]
[White "Short, Nigel D"]
[Black "Howell, David W L"]
[Result "1/2-1/2"]
[WhiteTitle "GM"]
[BlackTitle "GM"]
[WhiteElo "2679"]
[BlackElo "2644"]
[WhiteFideId "400025"]
[BlackFideId "410608"]
[EventDate "2016.12.08"]

1. c4 Nf6 2. Nc3 c5 3. Nf3 d5 4. cxd5 Nxd5 5. e4 Nb4 6. Bc4 Nd3+ 7. Ke2 Nf4+ 8.
Kf1 Nd3 9. Ke2 Nf4+ 10. Kf1 Nd3 11. Ke2 1/2-1/2

[Event "British ch-KO 2016"]
[Site "London ENG"]
[Date "2016.12.13"]
[Round "3.3"]
[White "Howell, David W L"]
[Black "Short, Nigel D"]
[Result "1/2-1/2"]
[WhiteTitle "GM"]
[BlackTitle "GM"]
[WhiteElo "2644"]
[BlackElo "2679"]
[WhiteFideId "410608"]
[BlackFideId "400025"]
[EventDate "2016.12.08"]

1. e4 e6 2. d4 d5 3. Nd2 c5 4. Ngf3 Nc6 5. exd5 exd5 6. Bb5 cxd4 7. Nxd4 Qe7+ 8.
Qe2 Qxe2+ 9. Kxe2 Bd7 10. N2f3 Bd6 11. Re1 Nge7 12. Kf1 a6 13. Bd3 O-O 14. c3
Rfe8 15. Be3 Nxd4 16. Nxd4 Nc6 17. Nf3 Ne5 18. Nxe5 Bxe5 19. Rad1 Rac8 20. h3
Be6 21. Be2 b5 22. Rd2 Bc7 23. Red1 Rcd8 24. a4 bxa4 25. Bxa6 Rb8 26. Ra1 f5 27.
Rxa4 Bd7 28. Rad4 f4 29. Bxf4 Bxf4 30. Rxf4 Ra8 31. Rxd5 Rxa6 32. Kg1 Be6 33.
Re5 Rc8 34. Kh2 Rb6 35. Re2 h6 36. Rd4 Rc7 37. Kg3 Bf7 38. Red2 g6 39. Rd6 Rb3
40. Re2 Rcb7 41. Rdd2 Kg7 42. f3 R7b6 43. h4 Be6 44. Kf4 Kf6 45. Rf2 h5 46. Rfe2
Bc4 47. Rf2 Bf7 48. Rfe2 Be6 49. Rf2 Bc8 50. Rd8 Bf5 51. Rdd2 Ra6 52. Rfe2 Ra4+
53. Kg3 Rb6 54. Rd8 Be6 55. Rdd2 Rc6 56. Rd8 Ra2 57. Rb8 Ra1 58. Rd2 Rh1 59. Rb4
Bf5 60. Rbd4 Rc7 61. Rd6+ Kg7 62. R6d4 Rb7 63. Re2 Rb1 1/2-1/2

[Event "British ch-KO 2016"]
[Site "London ENG"]
[Date "2016.12.14"]
[Round "3.4"]
[White "Short, Nigel D"]
[Black "Howell, David W L"]
[Result "1-0"]
[WhiteTitle "GM"]
[BlackTitle "GM"]
[WhiteElo "2679"]
[BlackElo "2644"]
[WhiteFideId "400025"]
[BlackFideId "410608"]
[EventDate "2016.12.08"]

1. c4 c5 2. Nf3 Nf6 3. Nc3 Nc6 4. e3 e6 5. d4 d5 6. a3 cxd4 7. exd4 Ne4 8. Bd3
Nxc3 9. bxc3 dxc4 10. Bxc4 Be7 11. Bf4 O-O 12. Qd3 Bf6 13. Kf1 e5 14. dxe5 Qxd3+
15. Bxd3 Be7 16. Ke2 Rd8 17. Rhd1 h6 18. Nd4 g5 19. Nxc6 bxc6 20. Be3 Rd5 21.
Bd4 Ra5 22. a4 Be6 23. Rdb1 Bf8 24. Be4 Bd5 25. Kd3 Bxe4+ 26. Kxe4 Bg7 27. f4
gxf4 28. Kxf4 Re8 29. Re1 Rd5 30. Rab1 Ra5 31. Rb7 Bf8 32. Rxa7 Rxa7 33. Bxa7
Ra8 34. Bf2 Rxa4+ 35. Re4 Ra2 36. Kf3 Bg7 37. Bg3 Ra5 38. Bf4 Rc5 39. c4 h5 40.
g4 hxg4+ 41. Kxg4 Ra5 42. h4 Kh7 43. Kf5 Ra1 44. e6 fxe6+ 45. Kxe6 Kg6 46. Be5
Bxe5 47. Rxe5 Rd1 48. Rg5+ Kh6 49. Rc5 Rd4 50. Rxc6 Kg7 51. Rc7+ Kf8 52. Rc8+
Kg7 53. c5 Rxh4 54. c6 Rc4 55. Kd6 Rd4+ 56. Kc5 Rd1 57. Re8 Kf7 58. Re4 Rc1+ 59.
Kb6 Rb1+ 60. Ka7 Rc1 61. Kb7 Rb1+ 62. Kc8 Rb2 63. c7 Rb1 64. Kd7 Rd1+ 65. Kc6
Rc1+ 66. Kd6 Rc2 67. Re5 1-0

[Event "British ch-KO 2016"]
[Site "London ENG"]
[Date "2016.12.15"]
[Round "3.5"]
[White "Howell, David W L"]
[Black "Short, Nigel D"]
[Result "1-0"]
[WhiteTitle "GM"]
[BlackTitle "GM"]
[WhiteElo "2644"]
[BlackElo "2679"]
[WhiteFideId "410608"]
[BlackFideId "400025"]
[EventDate "2016.12.08"]

1. Nf3 Nf6 2. g3 d5 3. Bg2 c6 4. c4 g6 5. b3 Bg7 6. Bb2 O-O 7. O-O a5 8. d3 Re8
9. Nbd2 Bg4 10. Rc1 Nbd7 11. h3 Bxf3 12. Nxf3 Qb6 13. cxd5 Nxd5 14. d4 a4 15.
Nd2 axb3 16. Nc4 Qb5 17. Qxb3 Qa6 18. Rfd1 b5 19. Nd2 e6 20. a3 Rec8 21. Ne4 Bf8
22. Qf3 Bxa3 23. Ra1 b4 24. Nd6 Rf8 25. e4 Ne7 26. Bf1 Qa4 27. Bc4 Qc2 28. Bxa3
Rxa3 29. Rxa3 bxa3 30. Bb3 Qxd1+ 31. Qxd1 c5 32. Qc1 cxd4 33. Qc7 1-0

[Event "British ch-KO 2016"]
[Site "London ENG"]
[Date "2016.12.16"]
[Round "3.6"]
[White "Short, Nigel D"]
[Black "Howell, David W L"]
[Result "1-0"]
[WhiteTitle "GM"]
[BlackTitle "GM"]
[WhiteElo "2679"]
[BlackElo "2644"]
[WhiteFideId "400025"]
[BlackFideId "410608"]
[EventDate "2016.12.08"]

1. c4 g6 2. Nc3 c5 3. Nf3 Bg7 4. d4 cxd4 5. Nxd4 Nc6 6. Nc2 Bxc3+ 7. bxc3 Qa5 8.
Qd2 f5 9. g3 Nf6 10. Bg2 Ne4 11. Bxe4 fxe4 12. Ne3 Qe5 13. Rb1 b6 14. Rb5 Qe6
15. Qd5 Ba6 16. Qxe6 dxe6 17. Rg5 Na5 18. c5 Nc4 19. h4 Rc8 20. h5 Rg8 21. hxg6
hxg6 22. Rh4 Nxe3 23. Bxe3 Bb7 24. cxb6 axb6 25. Rb5 Bd5 26. Rxb6 Kd7 27. Rh7
Rxc3 28. Bg5 Re8 29. Ra6 Rc2 30. Bxe7 Rxe7 31. Ra7+ Kd6 32. Rhxe7 Bc4 33. Red7+
Ke5 34. f4+ exf3 35. exf3 Bxa2 36. Rd2 Rc1+ 37. Kf2 Bd5 38. Rf7 Rh1 39. Re2+ Kd4
40. Rf4+ Kd3 41. Re3+ Kc2 42. g4 g5 43. Rf6 Rh8 44. Rg6 Kd2 45. Ra3 Rh2+ 46. Kg3
Rh1 47. Rxg5 Bc4 48. Re5 Rg1+ 49. Kf2 Rf1+ 50. Kg2 Rb1 51. Rae3 1-0